| 000 | 00442nam a2200169Ia 4500 | ||
|---|---|---|---|
| 001 | 16793 | ||
| 005 | 20260306170337.0 | ||
| 008 | 260306t9999||||xx |||||||||||||| ||und|| | ||
| 041 | _aESP | ||
| 082 |
_a657 _bH83 |
||
| 100 |
_aHuamán Fernández, Víctor E. _eAUT |
||
| 245 | 0 |
_aFundamentos de contabilidad básica: _bteoría y práctica |
|
| 300 |
_a220 páginas : _c21 cm. |
||
| 650 | _aGEN | ||
| 654 | _aCCO | ||
| 942 |
_cLIB _dJUS _fJUS _2ddc _n |
||
| 999 |
_c16793 _d16793 |
||